000 00520nam a22001697a 4500
010 _aENG-119585
020 _c270.00
_a9789381008645
035 _aEN-103117
037 _bDBAD/PUB
082 _a230.35
245 _aVasantha sai satcharita /
260 _aTamil Nadu
_bMukthi Nilayam
_c2010
270 _aRoyapalayam Village B.O. Tirumangalam S.O. Madurai-Virudhunagar Road, Madurai Dt.
_bTamil Nadu
_e625706
300 _a237p.
_c22cm(pbk)
505 _avol-ii
942 _2ddc
_cEN
_h230.35
_mVAS
999 _c143354
_d143354